| 000 | 00828nam a22002537a 4500 | ||
|---|---|---|---|
| 999 |
_c21616 _d21616 |
||
| 003 | AR-CdUCM | ||
| 008 | 201016b ||||| |||| 00| 0 eng d | ||
| 020 | _a9786077711155 | ||
| 040 |
_aMUNICIPALIDAD PROVINCIAL DEL CUSCO _cBIBLIOTECA MUNICIPAL DEL CUSCO |
||
| 082 |
_a947.084/M22 _bM22 |
||
| 100 |
_aMacMillan, Margaret _945543 |
||
| 245 |
_aLas personas de la historia : _bsobre la persuasión y el arte del liderazgo / _cMargaret MacMillan |
||
| 260 |
_aMéxico ; _bTurner, _c2017. |
||
| 300 |
_a294 páginas. : _c22 cm. |
||
| 650 |
_aBiografía _945544 |
||
| 650 |
_aHistoria contemporánea _91591 |
||
| 650 |
_aBismarck _945545 |
||
| 650 |
_aFranklin D. Roosevelt _945546 |
||
| 650 |
_aWilliam Lyon Mackenzie _945547 |
||
| 650 |
_aHitler _92451 |
||
| 650 |
_aStalin _95859 |
||
| 942 |
_2ddc _cLIBROS |
||
| 945 | _aVarinia | ||